000 00320nam a22001457a 4500
008 221122b ||||| |||| 00| 0 eng d
020 _a9781556484193
041 _aeng
080 _a004
082 _a004 CHI
100 _a18
101 _aSHKP
245 _aICN-10-CM AND ICD-10-PCS
_cCHISEN L N
942 _2udc
_cBK
999 _c59003
_d59003